000 00639nam a2200205 a 4500
005 20140310183459.0
008 100303s19uu xx 00 eng d
020 _a13:978-0-13-615340-5
050 _aHD 30.37
_b.P36 2009
100 _aPanko, Raymond R.
245 _aBusiness data networks and telecommunications /
_cRaymond R. Panko.
250 _a7th ed.
260 _aNew Jersey :
_bPrentice Hall,
_c2009.
300 _a587 p. :
_c23 cm.
521 _aIT
650 _aBusiness enterprises
_xComputer networks
_xstudy guides.
650 _aComputer networks
_xManagement
_xStudy guides.
942 _cBK
_2lcc
_kFOR
999 _c23833
_d23833